000 00937nam a2200253Ia 4500
003 OSt
005 20220923220241.0
006 a|||||r|||| 00| 0
007 ta
008 220922b |||||||| |||| 00| 0 hin d
024 _a185,444
037 _cTextual
040 _aARTS
_cARTS
_bhin
041 _2hin
_ahin
082 _aO152,1(/\25):g, L7
100 _aमीतल, मिथिलेश शरण
245 0 _aनिर्गुण सम्प्रदाय के कवियों में मथूरा भक्ति
246 _aNirguṇ sampradāya ke kaviyoan mean mathūrā bhakti
260 _aमथुरा
_b राज्यश्री प्रकाशन
_c1977
300 _a260 पृ.
_ccm.
650 _aहिन्दी साहित्य
_9156264
942 _hO152,1(/\25):g, L7
_cTEXL
_2CC
999 _c338690
_d338690